| 000 | 01125cam a22003257a 4500 | ||
|---|---|---|---|
| 003 | CHAP | ||
| 005 | 20220329135737.0 | ||
| 008 | 971013s1994 mx r 00010 spa d | ||
| 010 | _a41376 | ||
| 011 | _a42348 | ||
| 035 | _a46477 | ||
| 040 | _cCHAP | ||
| 090 | _aFolleto 14480 | ||
| 110 | 2 |
_aInstituto Nacional de Estadística, Geografía e Informática. México _959304 |
|
| 245 | 1 | 3 | _aEl ABC de la estadística de comercio exterior de México |
| 260 |
_aAguascalientes, Ags. : _bINEGI, _c1994 |
||
| 300 | _a25 p. | ||
| 590 |
_aBATCH-UPD _b10 _c20130110 _lUCH01 _h1334 |
||
| 590 |
_aBATCH-UPD _b10 _c20130410 _lUCH01 _h0838 |
||
| 590 |
_aBATCH-UPD _b10 _c20130914 _lUCH01 _h1013 |
||
| 590 |
_aCONVERSION _b10 _c20130109 _lUCH01 _h1323 |
||
| 650 | 1 | 4 |
_aComercio exterior _zMéxico. _925638 |
| 650 | 1 | 4 |
_aComercio _xEstadísticas. _925571 |
| 650 | 1 | 4 |
_aComercio _xEstadísticas _zMéxico. _925589 |
| 901 | _aBK | ||
| 942 | _cFOLL | ||
| 949 |
_aFolleto 14480 _bBC _cFOLL _d-105952 _eTS1 _i46477 _si |
||
| 949 |
_aFolleto 14480 _bBC _cFOLL _d-105953 _eTS2 _fc.2 _i46477 _si |
||
| 949 |
_aFolleto 14480 _bBC _cFOLL _d-153084 _eTS2 _fc.3 _i46477 _si |
||
| 999 |
_c41376 _d41376 |
||